1521 1690 1503 1819 1063 1291 1183 1445 1345 1108 1654 1955 1990 1269 1904 1901 1926 1247 1803 1682 1786 1060 1724 1097 1179 1972 1674 1265 1108 1441 1000 1436 1933 1355 1750 1603 1009 1504 1168 1803 1809 1180 1700 1146 1980 1820 1930 1906 1939 1598 1298 1222 1864 1041 1328 1379 1617 1620 1004 1125 1353 1964 1200 1145 1130 1827 1945 1738 1777 1840 1623 1242 1778 1557 1627 1767 1627 1262 1600 1967 1151 1159 1844 1904 1677 1725 1963 1539 1828 1523 1778 1435 1019 1233 1105 1349 1994 1352 1406 BCNSPRNW ULIB Ver.6.0+V

เปลี่ยนเป็นภาษาไทย

Change to English
 แสดงรายละเอียดบรรณานุกรม
  กลับหน้าหลัก

Brief Record : Get Marc (ISO 2709) : E-mail record : QR code < ปิดหน้าต่าง
LEADER : 00000nam 2200000uu 4500
001    13399108305
003     ULIB
008    110228s2544||||th 000 0 tha d
020    9740301142
060 04 WY85^bส687จ 2544
100 0  สิวลี ศิริไล
245 10 จริยศาสตร์สำหรับพยาบาล /^cสิวลี ศิริไล
250    พิมพ์ครั้งที่ 8
260    [กรุงเทพฯ] :^bโรงพิมพ์แห่งจุฬาลงกรณ์มหาวิทยาลัย,^c2544
300    [12], 279 หน้า ;^c22 ซม.
591    LIRA มีปี 2539, 2542 (พิมพ์ครั้งที่ 7), 2544(พิมพ์ครั้งที่8)
650  2 Ethics, Nursing
650  7 จรรยาพยาบาล
650  7 จริยศาสตร์
945    ^p120^l0^i014129
945    ^p120^l0^i014130
945    ^p120^l0^i014131
945    ^p120^l0^i014132
945    ^p120^l0^i014133
945    ^p120^l0^i014134
995    ทศพร
999 ^a ใช้งานได้ทุกระบบ
รายการนี้ยังไม่มีแท็ก
คุณยังไม่ได้ล็อกอิน คุณสามารถมีกิจกรรมร่วมกับเว็บไซต์ได้ แต่ต้องล็อกอินก่อน ::
  ล็อกอิน

รายการสื่อสารสนเทศ

ลำดับที่ ประเภท เลขเรียก/บาร์โค้ด สถานที่ สถานะ
- ไม่พบข้อมูล -

รายการใกล้เคียง
    ผู้แต่ง [สิวลี ศิริไล]

    หัวเรื่อง [Ethics, Nursing]
    หัวเรื่อง [จรรยาพยาบาล]
    หัวเรื่อง [จริยศาสตร์]

BibComment


ยังไม่เคยถูกคอมเมนท์

คอมเมนท์ทรัพยากรรายการนี้
  คอมเมนท์: จริยศาสตร์สำหรับพ..


 Copyright 2026. Bcnsprnw @Library